000 00616nam a2200229 i 4500
001 8771
003 ES-MaACL
005 20230906145527.0
007 t|
008 920929s1992 xxu ||||1| eng d
020 _a0-13-636234-6
080 _a621-52
100 1 _aNutt, Gary J.
_986252
245 1 0 _aOpen systems /
_cGary J. Nutt.
260 _aNew Jersey :
_bPrentice Hall,
_ccop. 1992.
300 _aX, 292 p. ;
_c24 cm.
500 _aIndices.
504 _aBibliogr.: p. 271-281.
650 4 _aSistemas abiertos.
_917137
650 4 _aSistemas operativos.
_917143
852 _aES-MaACL
_jL-16037
_bR.120773
999 _c8771
_d8771